000
00383nam a2200181Ia 4500
003
0STCL
008
150530s9999 xx 000 0 und d
040
_a
STCL
_c
STCL
100
_a
Kalpatta Balakrishnan
245
_a
Sakthan Thampuran
250
_a
1
260
_c
2008
300
_a
0
546
_a
Malayalam
942
_2
ddc
_c
BK
999
_c
77316
_d
77316
005
20220125171643.0